[Event "ITA-ch38"]
[Site "Castelvecchio Pascoli"]
[Date "1977.??.??"]
[Round "4"]
[White "Rupeni, Franco"]
[Black "Valenti, Giuseppe"]
[Result "1-0"]
[WhiteElo "2105"]
[BlackElo "2240"]

1.e4 c5 2.Nf3 d6 3.Bb5+ Bd7 4.Bxd7+ Qxd7 5.O-O Nc6 6.c3 Nf6 7.d4 Nxe4 8.d5 Nb8
9.Re1 Nf6 10.Bg5 Na6 11.c4 h6 12.Bxf6 gxf6 13.Nc3 O-O-O 14.a3 Rg8 15.b4 Qg4
16.g3 Qxc4 17.Rc1 f5 18.Na4 Qb5 19.Nd4 Qd7 20.b5 Kb8 21.Nc6+ bxc6 22.dxc6 Qc8
23.bxa6 e6 24.Rb1+ Ka8 25.Rb7 Qxc6 26.Rxf7 d5 27.Rf6 Re8 28.Rxf5 Bg7 29.Rf7 Bd4
30.Qd3 Qxa4 31.Qh7 Qxa6 32.Rxe6 Qa5 33.Ree7 c4 34.Qg6 Qb5 35.Qh7 Rxe7 36.Qxg8+ Re8
37.Qh7 Rc8 38.Rd7 c3  1-0

[Event "ITA-ch38"]
[Site "Castelvecchio Pascoli"]
[Date "1977.??.??"]
[Round "9"]
[White "Rupeni, Franco"]
[Black "Cappello, Renato"]
[Result "1/2-1/2"]
[WhiteElo "2105"]
[BlackElo "2345"]

1.e4 c5 2.Nf3 d6 3.Bb5+ Bd7 4.Bxd7+ Nxd7 5.O-O Ngf6 6.Qe2 e6 7.c3 Be7 8.d4 O-O
9.e5 dxe5 10.dxe5 Nd5 11.a3 Qc7 12.c4 N5b6 13.Nc3 Rfd8 14.Bf4 Qc6 15.Rfd1 Nf8
16.h4 Rxd1+ 17.Rxd1 Rd8 18.Rxd8 Bxd8 19.h5 h6 20.Nd2 Na4 21.Nce4 Nxb2 22.Bxh6 Qa4
23.Nxc5 Qxa3 24.Qg4 g6 25.hxg6 Nxg6 26.Nxe6 Nd3 27.Nxd8 Qc1+ 28.Nf1 Qxh6
29.e6 Qh1+ 30.Kxh1 Nxf2+  1/2-1/2

[Event "ITA-ch38"]
[Site "Castelvecchio Pascoli"]
[Date "1977.??.??"]
[Round "11"]
[White "Rupeni, Franco"]
[Black "Tatai, Stefano"]
[Result "1/2-1/2"]
[WhiteElo "2105"]
[BlackElo "2480"]

1.e4 c5 2.Nf3 d6 3.Bb5+ Nd7 4.d4 Nf6 5.e5 Qa5+ 6.Nc3 Ne4 7.Bd2 Nxc3 8.Bxd7+ Bxd7
9.Bxc3 Qa6 10.d5 Bg4 11.e6 fxe6 12.h3 Bxf3 13.Qxf3 exd5 14.Qh5+ Kd7 15.Qxd5 Qc6
16.Qd3 e5 17.O-O Kc7 18.b4 cxb4 19.Bxb4 Rc8 20.Rab1 Kb8 21.Rb2 Ka8 22.Rfb1 b6  1/2-1/2

[Event "CSR-ch int"]
[Site "Decin"]
[Date "1977.??.??"]
[Round "15"]
[White "Bednarski, Jacek B"]
[Black "Fernandez, Juan C"]
[Result "1-0"]
[WhiteElo "2400"]
[BlackElo "2420"]

1.e4 c5 2.Nf3 d6 3.Bb5+ Nc6 4.O-O Bd7 5.c3 Nf6 6.Re1 a6 7.Ba4 b5 8.Bc2 e5
9.d3 Be7 10.Nbd2 O-O 11.Nf1 Re8 12.Ng3 Bf8 13.h3 h6 14.d4 cxd4 15.cxd4 Rc8
16.d5 Nb4 17.Bb3 Qc7 18.Re3 a5 19.Bd2 Na6 20.Qe1 a4 21.Bd1 Qb7 22.b3 axb3
23.axb3 Nc5 24.Ba5 Be7 25.Nd2 Bd8 26.Rf3 Bxa5 27.Rxa5 Ra8 28.Rxa8 Rxa8 29.b4 Na4
30.Rxf6 gxf6 31.Qe3 Kh7 32.Nh5 Qc8 33.Nxf6+ Kg6 34.Qf3 Qd8 35.Nxd7 Qxd7 36.Nf1 Kh7
37.Ng3 Qe7 38.Qh5 Qf6 39.Bg4 Nc3 40.Bf5+ Kg8 41.Qf3 Nxd5 42.exd5 Ra1+ 43.Kh2 Qg5
44.Ne4 Qf4+ 45.Qxf4 exf4 46.Nxd6 Rd1 47.Ne4 Kf8 48.d6 Rd5 49.Bd7 Rd4 50.Bc6 f5
51.Nc5 Rxd6 52.Bxb5 Ke7 53.Bf1 Rd1 54.Kg1 Kd6 55.f3 Rb1 56.Nd3 Ke7  1-0

[Event "Geneve"]
[Site "Geneve"]
[Date "1977.??.??"]
[Round "4"]
[White "Larsen, Bent"]
[Black "Timman, Jan H"]
[Result "1/2-1/2"]
[WhiteElo "2615"]
[BlackElo "2590"]

1.e4 c5 2.Nf3 d6 3.Bb5+ Bd7 4.Bxd7+ Nxd7 5.O-O Ngf6 6.Re1 e6 7.c3 Be7 8.Qb3 Qc7
9.d3 O-O 10.Bg5 Ne5 11.Nxe5 dxe5 12.Nd2 Rfd8 13.Qc2 Rd7 14.Rad1 Rad8 15.Nf3 Nh5
16.Bxe7 Rxe7 17.g3 Nf6 18.a3 Red7 19.c4 Ne8 20.b4 a6 21.Rd2 f6 22.Qb3 Nd6
23.Rc2 Nc8 24.Rc3 Rd6 25.Kf1 Nb6 26.h4 Rc8 27.Rb1 Qd7 28.b5 axb5 29.Qxb5 Rdc6
30.a4 R8c7 31.a5 Nc8 32.Ra3 Qd8 33.Ke2 Ra6 34.Qa4 Rd7 35.Rb5 Na7 36.Rb6 Rxb6
37.axb6 Nc6 38.Qb5 Qf8 39.Kf1  1/2-1/2

[Event "Geneve"]
[Site "Geneve"]
[Date "1977.??.??"]
[Round "5"]
[White "Hug, Werner"]
[Black "Byrne, Robert E"]
[Result "1/2-1/2"]
[WhiteElo "2445"]
[BlackElo "2580"]

1.e4 c5 2.Nf3 d6 3.Bb5+ Nd7 4.d4 cxd4 5.Qxd4 Nf6 6.Bg5 e6 7.Nc3 Be7 8.O-O-O O-O
9.Bxd7 Bxd7 10.e5 dxe5 11.Nxe5 Bc6 12.Nxc6 bxc6 13.Qxd8  1/2-1/2

[Event "Geneve"]
[Site "Geneve"]
[Date "1977.??.??"]
[Round "6"]
[White "Byrne, Robert E"]
[Black "Dzindzichashvili, Roman"]
[Result "1/2-1/2"]
[WhiteElo "2580"]
[BlackElo "2535"]

1.e4 c5 2.Nf3 d6 3.Bb5+ Bd7 4.Bxd7+ Nxd7 5.O-O Ngf6 6.Qe2 e6 7.c4 Ne5 8.b3 Be7
9.Bb2 Nxf3+ 10.Qxf3 O-O 11.d4 cxd4 12.Bxd4 Qa5 13.Qc3 Qc7 14.Qe3 Ng4  1/2-1/2

[Event "Wch U20"]
[Site "Groningen"]
[Date "1977.??.??"]
[Round "3"]
[White "Schussler, Harry"]
[Black "Leow Leslie M"]
[Result "1/2-1/2"]
[WhiteElo "2360"]
[BlackElo "2280"]

1.e4 c5 2.Nf3 d6 3.Bb5+ Nc6 4.O-O Bd7 5.Re1 a6 6.Bf1 Bg4 7.h3 Bh5 8.g4 Bg6
9.d4 cxd4 10.Nxd4 e5 11.Nf5 h5 12.Bg2 hxg4 13.hxg4 Bxf5 14.exf5 Qh4 15.Re3 Qh2+
16.Kf1 d5 17.Nc3 O-O-O 18.Rd3 Nf6 19.g5 e4 20.Rg3 Bd6 21.gxf6 Bxg3 22.fxg3 Qxg3
23.fxg7 Rh2 24.Qe2 Qxg7 25.Bf4 Nd4 26.Nxd5 Rxd5 27.Qc4+ Nc6 28.Bxh2 Rxf5+
29.Kg1 Qxb2 30.Rf1 Rxf1+ 31.Qxf1 Qxc2 32.Qf5+ Kd8 33.Qd5+ Ke8 34.Bxe4 Qc1+
35.Kg2 Qb2+ 36.Kh3 Qh8+ 37.Kg2 Qb2+ 38.Kh3 Qh8+ 39.Kg3 Qg7+ 40.Kf3 Qc3+ 41.Kg4 Qg7+
42.Qg5 Qb2 43.Qg8+ Ke7 44.Qg5+ Ke8 45.Qe3 Kd8 46.Qd3+ Ke8 47.Qe3 Kd8 48.Bg3 Qxa2
49.Bh4+ f6 50.Bxf6+ Kc7 51.Bg5 Qe6+ 52.Kg3 Kb8 53.Qf4+ Ka7 54.Qf2+ b6 55.Qf4 Qd7
56.Bf3 Nd4 57.Bg4 Ne6 58.Bxe6 Qxe6 59.Qc7+ Ka8 60.Bf4 Qe1+ 61.Kg4 Qd1+ 62.Kg5 Qd5+
63.Kf6 Qb7 64.Qd6 Ka7 65.Be5 Qc8 66.Qe7+ Qb7 67.Qd6  1/2-1/2

[Event "Wch U20"]
[Site "Groningen"]
[Date "1977.??.??"]
[Round "8"]
[White "Diesen, Mark C"]
[Black "Leow Leslie M"]
[Result "1-0"]
[WhiteElo "2360"]
[BlackElo "2280"]

1.e4 c5 2.Nf3 d6 3.Bb5+ Bd7 4.Bxd7+ Qxd7 5.c4 e5 6.Nc3 Nc6 7.d3 Nge7 8.a3 g6
9.Bg5 Bg7 10.Bxe7 Nxe7 11.b4 O-O 12.O-O f5 13.Rb1 h6 14.Re1 Nc6 15.Nd5 Rf7
16.Nh4 Kh7 17.exf5 g5 18.Nf3 Qxf5 19.Qe2 cxb4 20.axb4 a5 21.bxa5 Rxa5 22.Ra1 Rc5
23.Rab1 Ne7 24.Nc3 Ng6 25.Qe4 Nf4 26.Qxf5+ Rxf5 27.Re3 Rf7 28.Ne4 Rc6 29.Nexg5+ hxg5
30.Nxg5+ Kg6 31.Nxf7 Kxf7 32.Rxb7+ Kg8 33.h4 Ra6 34.Kh2 Kh8 35.g3 Ne6 36.Rf3 Nc5
37.Re7 Ra8 38.g4 Kg8 39.g5 Rf8 40.Rxf8+ Bxf8 41.Ra7 Nxd3 42.f3 Nf4 43.Rd7 Ne6
44.Kg3 Nf4 45.Kg4 Ng2 46.h5 Ne3+ 47.Kh3 e4 48.fxe4 Nxc4 49.Kg3 Ne5 50.Rc7  1-0

[Event "Wch U20"]
[Site "Groningen"]
[Date "1977.??.??"]
[Round "11"]
[White "Diesen, Mark C"]
[Black "Georgiev, Krum"]
[Result "1-0"]
[WhiteElo "2360"]
[BlackElo "2390"]

1.e4 c5 2.Nf3 d6 3.Bb5+ Nd7 4.d4 Nf6 5.Nc3 cxd4 6.Qxd4 e6 7.Bg5 Be7 8.O-O-O O-O
9.h4 Nc5 10.Bxf6 gxf6 11.g4 a6 12.Be2 Qe8 13.Qe3 Kh8 14.g5 fxg5 15.hxg5 Rg8
16.Rh5 Rg7 17.e5 d5 18.Nh2 Na4 19.Ng4 Nxc3 20.bxc3 Ba3+ 21.Kd2 d4 22.Qxd4  1-0

[Event "Hastings7778"]
[Site "Hastings"]
[Date "1977.??.??"]
[Round "5"]
[White "Tisdall, Jonathan D"]
[Black "Fedorowicz, John P"]
[Result "1/2-1/2"]
[WhiteElo "2375"]
[BlackElo "2440"]

1.Nf3 c5 2.e4 d6 3.Bb5+ Bd7 4.a4 Nc6 5.O-O Nf6 6.Re1 e5 7.c3 Be7 8.d4 cxd4
9.cxd4 a6 10.Bxc6 Bxc6 11.Nc3 O-O 12.Bg5 h6 13.Bh4 Nh5 14.Bxe7 Qxe7 15.dxe5 dxe5
16.Nd5 Bxd5 17.exd5 e4 18.d6  1/2-1/2

[Event "Le Havre"]
[Site "Le Havre"]
[Date "1977.??.??"]
[Round "12"]
[White "Dueckstein, Andreas"]
[Black "Tatai, Stefano"]
[Result "1-0"]
[WhiteElo "2400"]
[BlackElo "2480"]

1.e4 c5 2.Nf3 d6 3.Bb5+ Nd7 4.d4 Nf6 5.e5 Qa5+ 6.Nc3 cxd4 7.Qxd4 dxe5 8.Nxe5 a6
9.Bxd7+ Bxd7 10.Be3 Rd8 11.O-O-O e6 12.Nc4 Qc7 13.Bf4 Qc5 14.Qd3 Rc8 15.Nd6+ Bxd6
16.Bxd6 Qf5 17.Qxf5 exf5 18.Be5 Nh5 19.Rhe1 Be6 20.Bd6 Kd7 21.Be5+ Ke8 22.Rd4 Rg8
23.g3 Rc6 24.Rh4 g6 25.Rb4 f6 26.Bd4 Rg7 27.Na4 Kf8 28.Rb6 Bd5 29.Bc5+ Kg8
30.Re8+ Kf7 31.Re7+ Kg8 32.Rexb7 Rxb7 33.Rxb7 f4 34.Rb8+ Kf7 35.g4 Ng7 36.Rf8+ Ke6
37.Bd4 Ke7 38.Rb8 Ne6 39.Bc3 Bf3 40.Rh8 Bxg4 41.Rxh7+ Ke8  1-0

[Event "DSV-Turnier"]
[Site "Leipzig"]
[Date "1977.??.??"]
[Round "4"]
[White "Bueno Perez, Lazaro"]
[Black "Adamski, Jan"]
[Result "1-0"]
[WhiteElo "2320"]
[BlackElo "2470"]

1.e4 c5 2.Nf3 d6 3.Bb5+ Nc6 4.O-O Bd7 5.c3 Nf6 6.Re1 a6 7.Ba4 c4 8.d4 cxd3
9.Qxd3 g6 10.c4 Bg7 11.Nc3 O-O 12.Bxc6 Bxc6 13.Bg5 Nd7 14.Nd5 Re8 15.Nd4 Rc8
16.Rac1 Bxd5 17.cxd5 Rxc1 18.Rxc1 Qb6 19.Nb3 Bxb2 20.Rc2 Bf6 21.Be3 Qd8 22.f4 a5
23.Qb5 b6 24.Rc6 Nc5 25.Bxc5 bxc5 26.Nxa5 Bd4+ 27.Kh1 Kg7 28.Nc4 Qd7 29.h3 f5
30.e5 Qa7 31.Ra6 Qb8 32.Rb6 Qa8 33.a4 Kf8 34.Rb7 dxe5 35.fxe5 Rd8 36.a5 f4
37.a6 f3 38.gxf3 Qc8 39.e6 Kg8 40.a7 Rxd5 41.Rb8  1-0

[Event "DSV-Turnier"]
[Site "Leipzig"]
[Date "1977.??.??"]
[Round "9"]
[White "Bueno Perez, Lazaro"]
[Black "Boensch, Uwe"]
[Result "0-1"]
[WhiteElo "2320"]
[BlackElo "2440"]

1.e4 c5 2.Nf3 d6 3.Bb5+ Bd7 4.Bxd7+ Qxd7 5.c4 e5 6.O-O Nc6 7.Nc3 Nge7 8.d3 Ng6
9.a3 Be7 10.Rb1 O-O 11.b4 f5 12.exf5 Rxf5 13.Nd5 Raf8 14.Nd2 Nf4 15.Nxf4 exf4
16.Nf3 d5 17.b5 Nd8 18.Bb2 d4 19.Re1 Bd6 20.Qe2 g5 21.h3 h5 22.Qe4 Qg7 23.Nxd4 cxd4
24.Bxd4 Qf7 25.Ba1 Bb8 26.Qd4 Kh7 27.Re4 f3 28.Rbe1 Rf4 29.g3 Rxe4 30.Qxe4+ Kh6
31.h4 gxh4 32.Qe3+ Kg6 33.Qe4+ Qf5 34.Qe7 Rg8 35.Re4 hxg3 36.fxg3 Bxg3  0-1

[Event "Lone Pine"]
[Site "Lone Pine"]
[Date "1977.??.??"]
[Round "1"]
[White "Diesen, Mark C"]
[Black "Sunye Neto, Jaime"]
[Result "0-1"]
[WhiteElo "2360"]
[BlackElo "2265"]

1.e4 c5 2.Nf3 d6 3.Bb5+ Nd7 4.d4 Nf6 5.Nc3 a6 6.Bxd7+ Nxd7 7.O-O e6 8.Bg5 Be7
9.Bxe7 Qxe7 10.dxc5 Nxc5 11.Qd4 e5 12.Qd2 Bg4 13.Qe3 Be6 14.Rfd1 Rc8 15.Nd5 Bxd5
16.Rxd5 O-O 17.Rad1 Rc6 18.c4 Ne6 19.b3 Nc7 20.R5d3 b5 21.cxb5 axb5 22.Rc3 Ra6
23.Rdc1 Ne6 24.Qe2 Qb7 25.b4 Rfa8 26.R1c2 h6 27.g3 Ra4 28.Rb3 R8a6 29.Kg2 f5
30.Rbc3 fxe4 31.Rc8+ Kh7 32.Nh4 e3+ 33.f3 Rxa2 34.Kg1 Ra1+ 35.Kg2 R6a2 36.R8c3 Nd4
37.Qd3+ Kg8 38.Qg6 Qd7 39.Rc7 Rxc2+ 40.Rxc2 Nxc2  0-1

[Event "Lone Pine"]
[Site "Lone Pine"]
[Date "1977.??.??"]
[Round "4"]
[White "Bisguier, Arthur Bernard"]
[Black "Tarjan, James Edward"]
[Result "1/2-1/2"]
[WhiteElo "2440"]
[BlackElo "2495"]

1.e4 c5 2.Nf3 d6 3.Bb5+ Bd7 4.Bxd7+ Nxd7 5.c4 Ngf6 6.Nc3 Ne5 7.d3 e6 8.O-O Be7
9.Nxe5 dxe5 10.Qe2 Nd7 11.f4 exf4 12.Bxf4 Bg5 13.Bd6 Be7 14.Nb5 O-O 15.Bc7 Qc8
16.Bg3 a6 17.Nc3 Qc6 18.e5 f5 19.exf6 Bxf6 20.Ne4 Bd4+ 21.Bf2 e5 22.Bxd4 exd4
23.Qh5 b6 24.b3  1/2-1/2

[Event "Lone Pine"]
[Site "Lone Pine"]
[Date "1977.??.??"]
[Round "5"]
[White "Bisguier, Arthur Bernard"]
[Black "Shamkovich, Leonid"]
[Result "1/2-1/2"]
[WhiteElo "2440"]
[BlackElo "2485"]

1.e4 c5 2.Nf3 d6 3.Bb5+ Nd7 4.c3 Nf6 5.Qe2 a6 6.Ba4 e5 7.O-O b5 8.Bc2 Bb7
9.d4 Be7 10.Rd1 Qc7 11.dxe5 Nxe5 12.Nbd2 O-O 13.Nf1 Ng6 14.Ng3 Rfe8 15.a4 Rab8
16.axb5 axb5 17.Qxb5 Bxe4 18.Qe2 Bc6 19.c4 d5 20.cxd5 Nxd5 21.Ba4 Bf6 22.Qc2 Bxa4
23.Rxa4 Nb4 24.Qc4 Rbd8 25.Rxd8 Qxd8 26.Ra7  1/2-1/2

[Event "EU-chT"]
[Site "Moscow"]
[Date "1977.??.??"]
[Round "1"]
[White "Lechtynsky, Jiri"]
[Black "Geller, Efim P"]
[Result "1/2-1/2"]
[WhiteElo "2395"]
[BlackElo "2590"]

1.e4 c5 2.Nf3 d6 3.Bb5+ Bd7 4.Bxd7+ Nxd7 5.O-O Ngf6 6.Qe2 e6 7.c3 Be7 8.d4 O-O
9.e5 Ne8 10.exd6 Nxd6 11.Rd1 cxd4 12.Nxd4 Re8 13.Na3 a6 14.Nc4 Qc7 15.Bf4 e5
16.Nxd6 Bxd6 17.Nf5 Bf8 18.Nh6+ Kh8 19.Nxf7+ Kg8 20.Nh6+ Kh8 21.Nf7+  1/2-1/2

[Event "Marshall CC"]
[Site "New York"]
[Date "1977.??.??"]
[Round "?"]
[White "Kaimo, Roberto E"]
[Black "Fedorowicz, John P"]
[Result "1/2-1/2"]
[WhiteElo "2355"]
[BlackElo "2440"]

1.e4 c5 2.Nf3 d6 3.Bb5+ Nd7 4.O-O Nf6 5.Re1 e5 6.c3 Be7 7.d4 O-O 8.Nbd2 Qc7
9.h3 a6 10.Bd3 b5 11.Nf1 cxd4 12.cxd4 Bb7 13.Ng3 Rfe8 14.Nf5 Bf8 15.d5 Nc5
16.g4 Rac8 17.Bb1 a5 18.Bg5 Nfd7 19.Bc2 Nb6 20.Rc1 Nc4 21.b3 Na3 22.Bd3 Qb6
23.Bf1 b4 24.Nd2 Ba6 25.Nc4 Bxc4 26.Bxc4 Na4 27.Be3 Qb7 28.Bd3 Nc3 29.Qd2 Rc7
30.f3 Ra8 31.h4 a4 32.h5 Nab5 33.g5 axb3 34.axb3 Ra3 35.g6 fxg6 36.hxg6 hxg6
37.Nh4 Ra2 38.Rc2 Rxc2 39.Bxc2 g5 40.Ng6 Kf7 41.Nxf8 Kxf8 42.Qh2 Kg8 43.Bd3 Qc8
44.Qh5 Rf7 45.Kg2 g6 46.Qxg5 Rh7 47.Qg3 Qa8 48.f4 exf4 49.Qxf4 Qa2+ 50.Kg1 g5
51.Qg3 Qxb3 52.e5 Qxd5 53.Bxh7+ Kxh7 54.Bxg5 Nd4 55.Qh3+ Kg8 56.Qc8+ Kh7
57.Qh3+ Kg8 58.Re3 dxe5 59.Qc8+ Kg7  1/2-1/2

[Event "Marshall CC"]
[Site "New York"]
[Date "1977.??.??"]
[Round "?"]
[White "Lein, Anatoly"]
[Black "Fedorowicz, John P"]
[Result "0-1"]
[WhiteElo "2525"]
[BlackElo "2440"]

1.e4 c5 2.Nf3 d6 3.Bb5+ Nd7 4.a4 Nf6 5.Nc3 a6 6.Be2 e6 7.O-O Be7 8.d4 cxd4
9.Nxd4 Qc7 10.f4 b6 11.f5 e5 12.Nb3 Bb7 13.Qd3 O-O 14.Bg5 Rfe8 15.Bf3 Rac8
16.Rfd1 d5 17.Bxf6 Nxf6 18.exd5 e4 19.Bxe4 Bd6 20.h3 Qe7 21.Bf3 Qe5 22.Kf1 Qh2
23.Ne2 Re5 24.Kf2 Rxd5 25.Bxd5 Bxd5 26.Rg1 Re8 27.Nbd4 Bc5 28.Kf1 Ne4 29.b4 Bc4
30.bxc5 Bxd3 31.cxd3 Ng3+ 32.Kf2 Nxe2 33.Nxe2 Qe5 34.Rge1 Qxc5+ 35.d4 Qxf5+
36.Kg1 Re3 37.Rad1 h5 38.d5 Qe5 39.Kf2 Re4 40.d6 Qf5+ 41.Kg1 Qd7 42.Rd2 Re8
43.Red1 Qxa4 44.d7 Rd8 45.Rd4 Qc6 46.Ng3 a5 47.Kh1 a4 48.Nf5 Kf8 49.Rd6 Qc7
50.R6d3 b5 51.Rd4 a3 52.Nh4 a2 53.Nf3 Rxd7 54.Rxd7 Qxd7 55.Rxd7 a1=Q+ 56.Kh2 b4
57.Rd8+ Ke7 58.Rd3 g5 59.Nd4 Kf6 60.g4 hxg4 61.hxg4 Qb2+ 62.Kg3 Qc1 63.Rf3+ Kg6
64.Nb3 Qg1+ 65.Kh3 Qh1+ 66.Kg3 Qh4+  0-1

[Event "Marshall CC"]
[Site "New York"]
[Date "1977.??.??"]
[Round "?"]
[White "Diesen, Mark C"]
[Black "Zuckerman, Bernard"]
[Result "1/2-1/2"]
[WhiteElo "2360"]
[BlackElo "2450"]

1.e4 c5 2.Nf3 d6 3.Bb5+ Bd7 4.Bxd7+ Qxd7 5.c4 Nf6 6.Nc3 Nc6 7.O-O g6 8.d3 Bg7
9.h3 O-O 10.Be3 a6 11.Qd2 Rab8 12.a4 e5 13.Nh2 Nd4 14.Rab1 Ne8 15.b4 f5 16.f4 exf4
17.Bxf4 Ne6 18.Bh6 f4 19.Bxg7 N8xg7 20.Nd5 Nh5 21.bxc5 dxc5 22.Rb6 Nd4 23.Nf3  1/2-1/2

[Event "Piriapolis"]
[Site "Piriapolis"]
[Date "1977.??.??"]
[Round "2"]
[White "Bademian, Jose"]
[Black "Silva Nazzari, Roberto"]
[Result "1-0"]
[WhiteElo "2235"]
[BlackElo "2275"]

1.e4 c5 2.Nf3 d6 3.Bb5+ Nd7 4.d4 Nf6 5.Nc3 cxd4 6.Qxd4 e5 7.Qd3 h6 8.Be3 Be7
9.a4 O-O 10.O-O Qc7 11.b4 a6 12.Bc4 Nb6 13.Bb3 Be6 14.Nd2 Rac8 15.Nd5 Bxd5
16.exd5 Ng4 17.a5 Nd7 18.c4 f5 19.h3 e4 20.Qe2 Nxe3 21.fxe3 Ne5 22.Rab1 Kh8
23.Kh1 Bh4 24.g4 fxg4 25.hxg4 Qd7 26.Nxe4 Nxg4 27.Ba4 Nf2+ 28.Rxf2 Qxa4 29.Rxf8+ Rxf8
30.Qg4 Qc2 31.Rg1 Bg5 32.c5 Qd3 33.cxd6 Qxd5 34.Rd1 Qc6 35.d7 Bd8 36.Kg2 Rf6
37.Kh2 Rg6 38.Qf5 Qc7+ 39.Kh3 Qc6 40.Rd5 Kg8 41.Re5 Kh7 42.Rc5 Qe6 43.Qxe6 Rxe6
44.Rc4 Re7 45.Rd4 b6 46.axb6 Bxb6 47.Kg2 g5 48.Kf3 Rf7+ 49.Kg4 Bd8 50.Nc5 Re7
51.e4 a5 52.Nb7 Bc7 53.bxa5 Kg6 54.d8=Q h5+ 55.Kh3 Bxd8 56.Nxd8 Kf6 57.Nc6 Rc7
58.Rd6+ Kf7 59.Rd7+  1-0

[Event "Piriapolis"]
[Site "Piriapolis"]
[Date "1977.??.??"]
[Round "5"]
[White "Franco Ocampo, Zenon"]
[Black "Ricetto, Alvaro"]
[Result "1-0"]
[WhiteElo "2315"]
[BlackElo "2225"]

1.e4 c5 2.Nf3 d6 3.Bb5+ Nd7 4.d4 Nf6 5.e5 Qa5+ 6.Nc3 Ne4 7.Bd2 Nxc3 8.Bxd7+ Bxd7
9.Bxc3 Qa6 10.d5 h6 11.e6 fxe6 12.Nh4 O-O-O 13.Ng6 Rg8 14.Qf3 Qc4 15.O-O-O exd5
16.Qf7 Qg4 17.Qxg8 Qxg6 18.Qxd5 Bc6 19.Qd2 Qxg2 20.Rhg1 Qxh2 21.Bxg7 Bxg7
22.Rxg7 Rf8 23.Rxe7 Rxf2 24.Qc3 Qf4+ 25.Kb1 Qf6 26.Qh3+ Qf5 27.Qc3 Qf6 28.Qe3 Qf5
29.Ka1 Qf6 30.Qh3+ Kb8 31.Rde1 a6 32.c3 Ka7 33.Qd3 Bb5 34.Qe3 Qf5 35.Qxh6 Qc2
36.Rb1 Bd3 37.Ree1 Qd2 38.Qxd6 Bg6 39.Qxg6  1-0

[Event "Rubinstein mem"]
[Site "Polanica Zdroj"]
[Date "1977.??.??"]
[Round "12"]
[White "Kuzmin, Gennadi P"]
[Black "Ghitescu, Theodor"]
[Result "1/2-1/2"]
[WhiteElo "2550"]
[BlackElo "2440"]

1.e4 c5 2.Nf3 d6 3.Bb5+ Nd7 4.d4 Nf6 5.Nc3 cxd4 6.Qxd4 e5 7.Qd3 h6 8.a4 Be7
9.O-O O-O 10.b4 a6 11.Bc4 Nb6 12.Bb3 Be6 13.a5 Bxb3 14.cxb3 Nbd7 15.Be3 Nb8
16.b5 axb5 17.Qxb5 Qd7 18.Qd3 Nc6 19.Bb6 Nb4 20.Qd2 Rac8 21.Ra4 Qc6 22.Ne2 Na6
23.Ng3 Rfe8 24.Rc4 Qd7 25.Rfc1 Rxc4 26.Rxc4 Bf8 27.Qd3 d5 28.exd5 Qxd5 29.Qxd5 Nxd5
30.Be3 Nxe3 31.fxe3 Bb4 32.Nf5 Kh7 33.e4 Bxa5 34.Kf1 f6 35.Ke2 Rd8 36.g4 Rd7
37.h4 Nb4 38.Ne3 Nd3 39.Nd5 Nf4+ 40.Nxf4 exf4 41.h5  1/2-1/2

[Event "Snekkersten"]
[Site "Snekkersten"]
[Date "1977.??.??"]
[Round "2"]
[White "Granberg, Niels"]
[Black "Nilsson, Nils Specht"]
[Result "1/2-1/2"]
[WhiteElo "2200"]
[BlackElo "2200"]

1.e4 c5 2.Nf3 d6 3.Bb5+ Bd7 4.Bxd7+ Nxd7 5.O-O g6 6.d4 Bg7 7.c3 Qc7 8.Re1 Rc8
9.Na3 a6 10.Bg5 h6 11.Bh4 b5 12.Rc1 c4 13.Nc2 e6 14.Nd2 g5 15.Bg3 Ne7 16.f4 e5
17.fxe5 dxe5  1/2-1/2

[Event "Tbilisi-Sukhumi"]
[Site "Tbilisi"]
[Date "1977.??.??"]
[Round "?"]
[White "Gurgenidze, Bukhuti"]
[Black "Ubilava, Elizbar"]
[Result "1/2-1/2"]
[WhiteElo "2510"]
[BlackElo "2410"]

1.e4 c5 2.Nf3 d6 3.Bb5+ Nd7 4.c4 Nf6 5.Nc3 e6 6.a3 Be7 7.O-O O-O 8.d3 Nb6
9.Na4 Nfd7 10.b4 Nxa4 11.Bxa4 d5 12.cxd5 exd5 13.Bb3 Bf6 14.Ra2 dxe4 15.dxe4 cxb4
16.axb4 Qe7 17.b5 Rd8 18.Ba3 Nc5 19.Qc2 b6 20.e5 Bg5 21.Bxc5 bxc5 22.Nxg5 Qxg5
23.Qxc5 Bb7 24.f4 Qf5 25.h3 h6 26.Re2 Qh5 27.Ref2 Rd3 28.Bc4 Rg3 29.Qc7 Rc8
30.Qxb7 Rxc4 31.Rf3 Qxh3 32.Rxg3 Qxg3 33.Qxa7 Rxf4 34.Rxf4 Qxf4 35.Qc5 Qe4
36.Kf1 Qf4+ 37.Ke2 Qg4+ 38.Kf2 Qf4+ 39.Ke1 Qe4+ 40.Kf1 Qf4+ 41.Kg1 Qd2 42.Qc8+ Kh7
43.Qf5+ Kg8 44.Qe4 Qc1+ 45.Kh2 Qc5 46.Qa8+ Kh7 47.Qe4+ Kg8 48.Qe2 Qd4 49.g3 Kf8
50.Qc2 Ke7 51.Qc7+ Ke6 52.Qc6+ Kxe5 53.Qe8+ Kf6 54.Qc6+ Ke7  1/2-1/2

[Event "Tbilisi-Sukhumi"]
[Site "Tbilisi"]
[Date "1977.??.??"]
[Round "?"]
[White "Bellin, Robert"]
[Black "Ubilava, Elizbar"]
[Result "1/2-1/2"]
[WhiteElo "2400"]
[BlackElo "2410"]

1.e4 c5 2.Nf3 d6 3.Bb5+ Bd7 4.Bxd7+ Qxd7 5.O-O Nf6 6.e5 dxe5 7.Nxe5 Qc8 8.Qf3 e6
9.Nc3 Be7 10.d3 O-O 11.Bf4 Na6 12.Rfe1 Nb4 13.Rac1 Nfd5 14.a3  1/2-1/2

[Event "Vrbas"]
[Site "Vrbas"]
[Date "1977.??.??"]
[Round "3"]
[White "Radulov, Ivan"]
[Black "Ribli, Zoltan"]
[Result "0-1"]
[WhiteElo "2500"]
[BlackElo "2595"]

1.e4 c5 2.Nf3 d6 3.Bb5+ Bd7 4.Bxd7+ Nxd7 5.O-O Ngf6 6.Re1 e6 7.b3 Be7 8.Bb2 O-O
9.d3 Qc7 10.Nbd2 Rfd8 11.e5 Ne8 12.exd6 Nxd6 13.Ne4 Nxe4 14.Rxe4 Bf6 15.Qc1 Rac8
16.Rg4 Bxb2 17.Qxb2 f6 18.Re1 e5 19.Qc3 Nf8 20.Qc4+ Qf7 21.Rge4 Ne6 22.R4e2 Rc7
23.Qe4 Nf4 24.Rd2 Rd6 25.g3 Nd5 26.Qc4 g6 27.c3 Kg7 28.Rc1 Qd7 29.Qe4 Qc6
30.Rdd1 Re7 31.Qe2 Rde6 32.Re1 h6 33.Nd2 f5 34.Nf1 h5 35.Qf3 Qd7 36.Re2 h4
37.Ne3 Nf6 38.Rd1 hxg3 39.hxg3 b5 40.Ree1 Rd6 41.Kf1 Qd8 42.g4 fxg4 43.Nxg4 Nxg4
44.Qxg4 Rxd3 45.Rxd3 Qxd3+ 46.Qe2 Qh3+ 47.Kg1 Qxc3 48.Rd1 e4 49.Qxb5 Qf3
50.Re1 Qg4+ 51.Kf1 Qh3+ 52.Ke2 Qf3+  0-1

[Event "JUG-ch"]
[Site "Zagreb"]
[Date "1977.??.??"]
[Round "3"]
[White "Karaklajic, Nikola"]
[Black "Martinovic, Slobodan"]
[Result "1/2-1/2"]
[WhiteElo "2460"]
[BlackElo "2415"]

1.e4 c5 2.Nf3 d6 3.Bb5+ Nd7 4.O-O Nf6 5.Re1 a6 6.Bf1 b6 7.c4 Bb7 8.Nc3 Ne5
9.d4 Nxf3+ 10.gxf3 cxd4 11.Qxd4 e5 12.Qd1 Bc6 13.Nd5 Be7 14.Be3 Nxd5 15.cxd5 Bd7
16.f4 O-O 17.f5 Kh8 18.Kh1 g6 19.Bh3 gxf5 20.exf5 Rc8 21.f4 exf4 22.Qd4+ Bf6
23.Qxf4 Be5 24.Qf2 b5 25.Rg1 Qc7 26.Rac1 Qb7 27.Bg2 Rg8 28.f6 Rg6 29.Bf4 Re8
30.Rce1 Bxf6 31.Rxe8+ Bxe8 32.Bxd6 Qd7 33.Bb4 Qg4 34.Bc3 Bxc3 35.bxc3 Kg7
36.Qe3 Bd7 37.Qe7 Bf5 38.Qe5+ Kg8 39.Qe8+ Kg7 40.Qe5+ Kg8  1/2-1/2

[Event "JUG-ch"]
[Site "Zagreb"]
[Date "1977.??.??"]
[Round "11"]
[White "Sahovic, Dragutin"]
[Black "Rajkovic, Dusan"]
[Result "1/2-1/2"]
[WhiteElo "2460"]
[BlackElo "2495"]

1.e4 c5 2.Nf3 d6 3.Bb5+ Bd7 4.Bxd7+ Qxd7 5.c4 Nc6 6.d4 Qg4 7.O-O Nxd4 8.Nxd4 Qxd1
9.Rxd1 cxd4 10.Rxd4 Nf6 11.Nc3 Rc8 12.b3 g6 13.Bb2 Bg7 14.Rad1 O-O 15.f3 a6
16.R4d2 Rc7 17.Nd5 Nxd5 18.Bxg7 Kxg7 19.Rxd5  1/2-1/2

[Event "JUG-ch"]
[Site "Zagreb"]
[Date "1977.??.??"]
[Round "13"]
[White "Minic, Dragoljub"]
[Black "Nemet, Ivan"]
[Result "1/2-1/2"]
[WhiteElo "2470"]
[BlackElo "2455"]

1.e4 c5 2.Nf3 d6 3.Bb5+ Nd7 4.d4 cxd4 5.Qxd4 e5 6.Qd3 h6 7.O-O Nf6 8.Nc3 Be7
9.Be3 O-O 10.a4 a6 11.Bc4 Qc7 12.Nd5 Nxd5 13.Bxd5 Nf6  1/2-1/2

[Event "Alicante"]
[Site "Alicante"]
[Date "1978.??.??"]
[Round "12"]
[White "Fernandez, A."]
[Black "Martin Gonzalez, Angel"]
[Result "1-0"]
[WhiteElo "2310"]
[BlackElo "2390"]

1.e4 c5 2.Nf3 d6 3.Bb5+ Nc6 4.O-O Nf6 5.Re1 a6 6.Bxc6+ bxc6 7.e5 Nd5 8.d4 cxd4
9.Qxd4 e6 10.c4 Nb4 11.Bg5 Qd7 12.Qc3 c5 13.a3 Nc6 14.exd6 f6 15.Bf4 Bxd6
16.Bxd6 Qxd6 17.Nbd2 e5 18.Ne4 Qe7 19.Rad1 O-O 20.Rd5 Bg4 21.Nxc5 a5 22.h3 Bh5
23.Nd7 Rfd8 24.Nb6 Rab8 25.Rxd8+ Qxd8 26.c5 Kh8 27.b4 axb4 28.axb4 Bxf3 29.Qxf3 Nxb4
30.Rd1 Qc7 31.Qg4 Qxc5 32.Nd7 f5 33.Nxb8  1-0

[Event "IBM-B"]
[Site "Amsterdam"]
[Date "1978.??.??"]
[Round "2"]
[White "Balshan, Amikam"]
[Black "De Roode, Peter"]
[Result "1/2-1/2"]
[WhiteElo "2415"]
[BlackElo "2200"]

1.e4 c5 2.Nf3 d6 3.Bb5+ Bd7 4.Bxd7+ Qxd7 5.O-O Nf6 6.Re1 Nc6 7.c3 e6 8.d4 cxd4
9.Nxd4 Be7 10.Na3 Ne5 11.Bf4 O-O 12.Qe2 Ng6 13.Bg3 a6 14.Rad1 Qc7 15.Nb3 Rfd8
16.Rd2 Ne5  1/2-1/2

[Event "IBM-B"]
[Site "Amsterdam"]
[Date "1978.??.??"]
[Round "4"]
[White "Taulbut, Shaun M"]
[Black "Rodriguez, Amador"]
[Result "0-1"]
[WhiteElo "2405"]
[BlackElo "2470"]

1.e4 c5 2.Nf3 d6 3.Bb5+ Bd7 4.Bxd7+ Qxd7 5.O-O Nc6 6.c3 Nf6 7.d4 Nxe4 8.d5 Ne5
9.Re1 Nxf3+ 10.Qxf3 Nf6 11.Na3 e5 12.dxe6 fxe6 13.Bh6 O-O-O 14.Rad1 Nd5 15.Bg5 Re8
16.b4 cxb4 17.cxb4 Be7 18.Bxe7 Rxe7 19.Nc4 Rd8 20.Rc1 Kb8 21.Red1 Ree8 22.Qg3 b5
23.Ne3 Nxe3 24.Qxe3 Rc8 25.h3 Rxc1 26.Rxc1 h6 27.Qg3 e5 28.Rd1 Rd8 29.a3 a6
30.Qg6 Kb7 31.Rd3 Qc7 32.Rf3 d5 33.Rf7 Rd7 34.Rf8 Re7 35.g3 Qc1+ 36.Kh2 Qc7
37.Kg2 Qd7 38.Qh7 Rf7 39.Rg8 e4 40.Qh8 Qc7 41.Re8 e3  0-1